000 00592 a2200181 4500
020 _a697393038
082 _a004
090 _c1325
_d1325
100 _aHirschbuhl, John J.
245 _aComputers in education
_cJohn J. Hirschbuhl & Bishop, Dwight .
250 _a8th
260 _aUSA
_bMcGraw-Hill College,
_c1988
300 _a243 p. :
_b ill. ;
_c28 cm.
440 _aAnnual editions
500 _aIncludes Index
650 _a 1. Computer managed instruction--Periodicals 2. Computer-assisted instruction--Periodicals 3. Computers and civilization--Periodicals
942 _cBK
_k004 HIR
999 _c5281
_d5281